Doba a myslenie /
Saved in:
| Main Author: | |
|---|---|
| Format: | Book |
| Language: | Slovak |
| Published: |
Bratislava :
Pravda,
1979
|
| Subjects: | |
| Tags: |
No Tags, Be the first to tag this record!
|
MARC
| LEADER | 00000nam a22000003a 4500 | ||
|---|---|---|---|
| 001 | stu41997 | ||
| 005 | 20150617225723.0 | ||
| 008 | 940203s1979----cs------------------slo-d | ||
| 040 | |a STU |b slo | ||
| 041 | 0 | |a slo | |
| 044 | |a cs | ||
| 080 | |a 159.955 | ||
| 100 | 1 | |a Sirácky, Andrej |4 aut | |
| 245 | 1 | |a Doba a myslenie / |c [aut.]Andrej Sirácky | |
| 260 | |a Bratislava : |b Pravda, |c 1979 | ||
| 300 | |a 214 s | ||
| 650 | 7 | |a myslenie |2 stusub | |
| 996 | |b 284M012294 |c M*6263-1 |l MMKN |s A |a 24 |w stu41997_0001 | ||